| 000 | 00465nam a22001457a 4500 | ||
|---|---|---|---|
| 999 |
_c7761 _d7759 |
||
| 005 | 20210325111216.0 | ||
| 008 | 210324b ||||| |||| 00| 0 eng d | ||
| 082 | _a345.408 23 | ||
| 100 |
_aMANOHAR AND CHITALEY _96503 |
||
| 245 | _aTHE AIR MANUAL CIVIL AND CRIMINAL INDO- TIBETAN BOARDER POLICE FORCE ACT, 1992 TO INDUSTRIAL DISPUTS ACT, 1956[ VOL-29 | ||
| 260 |
_aNAGPUR _bTHE ALL INDIA REPORTER PVT.LTD. |
||
| 300 | _a1172,p | ||
| 650 |
_aLAW _95701 |
||
| 942 | _cJRL | ||